Statistics for Guess The ERB With One Line 2

Click here to take the quiz!

General Stats

  • This quiz has been taken 49 times
  • The average score is 12 of 15

Answer Stats

HintAnswer% Correct
"'Cause this whole system's rigged and we all know the riggers For the last eight years, this country's been run by-"Donald Trump
95%
Cause your princess is in our castle now, Yeah she's gone, We stayed up all night, Playing Donkey KongWright Brothers
92%
When I'm conquering MySpace, it's actual space, man!Elon Musk
89%
I brought foes to their knees in Phoenicia, Breezed through Gaza to GizaAlexander the Great
84%
Presenting the most overrated character anyone ever saw With five lines in the trilogy, and one of them was "AAAH!"Deadpool
84%
I'll be stretchin' out the rhyme like gravity stretches timeStephen Hawking
82%
You can't test me with your fatty recipes, Call your book "Mastering the Art of Heart Disease"Gordon Ramsay
79%
Tell me, what comes after the 68th measure of diarrhea?Mozart
79%
You'd have just sprinkled magic water on my forehead!Sigmund Freud
76%
Now I'm here to split U like two and three from five.J Robert Oppenheimer
74%
Want workers that don't piss? Hire some camelsMansa Musa
74%
Like the H in your name, you ought to remain silent Flatten your style like bread, Naan-violenceMartin Luther King Jr.
74%
And I'll square off with 'em like the corners of my meat pattiesWendy's
71%
My research reversed the first words of the church
You measure your worth by the sales of your merch
Charles Darwin
66%
I'm alpha dog dominant, you can't beat me. I will drop you like Greece's GDPThor
63%

Score Distribution

Percentile by Number Answered

Percent of People with Each Score

Your Score History

You have not taken this quiz